Bal sohyog: A critical appreciation (Record no. 1440759)

MARC details
000 -LEADER
fixed length control field 00579nam a2200181Ia 4500
005 - DATE AND TIME OF LATEST TRANSACTION
control field 20250923144558.0
008 - FIXED-LENGTH DATA ELEMENTS--GENERAL INFORMATION
fixed length control field 008 250917s9999 xx 000 0 eng d
037 ## - SOURCE OF ACQUISITION
Stock number Textual
040 ## - CATALOGING SOURCE
Original cataloging agency DSWL
Language of cataloging eng
Transcribing agency DSWL
041 ## - LANGUAGE CODE
Language code of text/sound track or separate title eng
Source of code eng
084 ## - COLON CLASSIFICATION NUMBER
Classification number YX,z2-zy5;6-J:g.251N56t4, N64
Assigning agency DSWL
100 ## - MAIN ENTRY--PERSONAL NAME
Personal name Dua, Usha
9 (RLIN) 826296
245 #0 - TITLE STATEMENT
Title Bal sohyog: A critical appreciation
Statement of responsibility, etc. by Usha Dua.
260 ## - PUBLICATION, DISTRIBUTION, ETC.
Place of publication, distribution, etc. Delhi
Name of publisher, distributor, etc. Delhi School of Social Work
Date of publication, distribution, etc. 1957
300 ## - PHYSICAL DESCRIPTION
Extent 191p.
942 ## - ADDED ENTRY ELEMENTS (KOHA)
Koha item type Textual
Classification part YX,z2-zy5;6-J:g.251N56t4, N64
Holdings
Withdrawn status Lost status Damaged status Not for loan Home library Current library Date acquired Total Checkouts Full call number Barcode Date last seen Price effective from Koha item type
        Department of Social Work Library Department of Social Work Library 2025-09-23   YX,z2-zy5;6-J:g.251N56t4, N64 SW0005194 2025-09-23 2025-09-23 Textual
Copyright @ Delhi University Library System